[Event "Foment Martinenc op-C 23rd"]
[Site "Barcelona"]
[Date "2023.06.10"]
[Round "8"]
[White "Berbel Cruz, Yara"]
[Black "Membrives Cano, Diego"]
[Result "1-0"]
[WhiteElo "1424"]
[BlackElo "1301"]
[PlyCount "39"]
[EventDate "2023.04.22"]
[EventType "swiss"]
[EventRounds "9"]
[EventCountry "ESP"]
[SourceTitle "EXT 2024"]
[Source "ChessBase"]
[SourceDate "2023.10.10"]
[SourceVersion "1"]
[SourceVersionDate "2023.10.10"]
[SourceQuality "1"]

1. e4 d6 2. Nf3 Nf6 3. Nc3 Nbd7 4. d4 e5 5. dxe5 dxe5 6. Bc4 Bb4 7. Bd2 c6 8. 0-0 0-0 9. a3 Be7 10. Re1 b5 11. Ba2 a5 12. b4 axb4 13. axb4 Bxb4 14. Bxf7+ Rxf7 15. Rxa8 Nc5 16. Nxe5 Rc7 17. Qb1 Qd4 18. Qa2+ Kf8 19. Rxc8+ Ne8 20. Qg8+ 1-0

[Event "Foment Martinenc op-C 23rd"]
[Site "Barcelona"]
[Date "2023.05.20"]
[Round "5"]
[White "Ylla Soro, Rafael"]
[Black "Berbel Cruz, Yara"]
[Result "1/2-1/2"]
[WhiteElo "1392"]
[BlackElo "1424"]
[PlyCount "103"]
[EventDate "2023.04.22"]
[EventType "swiss"]
[EventRounds "9"]
[EventCountry "ESP"]
[SourceTitle "EXT 2024"]
[Source "ChessBase"]
[SourceDate "2023.10.10"]
[SourceVersion "1"]
[SourceVersionDate "2023.10.10"]
[SourceQuality "1"]

1. d4 d5 2. Bf4 Nf6 3. Nf3 e6 4. e3 Bd6 5. Bg3 0-0 6. Bd3 c5 7. c3 Nc6 8. 0-0 Re8 9. Nbd2 e5 10. dxe5 Nxe5 11. Nxe5 Bxe5 12. Bxe5 Rxe5 13. Nf3 Re8 14. Re1 Bg4 15. h3 Bh5 16. Be2 Qd7 17. Rc1 Rad8 18. Nh2 Bxe2 19. Rxe2 h6 20. Nf3 Qf5 21. Rd2 Ne4 22. Rd3 b5 23. Qc2 Re6 24. Rcd1 Qh5 25. Nd2 Qe2 26. Rf1 Re5 27. f3 Nxd2 28. Qxd2 Qxd2 29. Rxd2 Rxe3 30. Rfd1 Re5 31. f4 Rh5 32. Kh2 Rf5 33. g3 g5 34. fxg5 hxg5 35. Kg2 Kg7 36. Re1 Kf6 37. Rde2 d4 38. cxd4 cxd4 39. Rd2 Re5 40. Red1 Re4 41. Kf2 Ke5 42. Kf3 f5 43. Kf2 Rh8 44. Kg2 g4 45. hxg4 fxg4 46. Rc1 Kd5 47. Rc7 a5 48. Rd7+ Kc5 49. Rc2+ Kb6 50. Rd6+ Kb7 51. Rd7+ Kb6 52. Rd6+ 1/2-1/2

[Event "Foment Martinenc op-C 23rd"]
[Site "Barcelona"]
[Date "2023.05.13"]
[Round "4"]
[White "Berbel Cruz, Yara"]
[Black "Gracia Poch, Frederic"]
[Result "1-0"]
[WhiteElo "1424"]
[BlackElo "1353"]
[PlyCount "59"]
[EventDate "2023.04.22"]
[EventType "swiss"]
[EventRounds "9"]
[EventCountry "ESP"]
[SourceTitle "EXT 2024"]
[Source "ChessBase"]
[SourceDate "2023.10.10"]
[SourceVersion "1"]
[SourceVersionDate "2023.10.10"]
[SourceQuality "1"]

1. e4 d6 2. d4 g6 3. Nf3 Bg7 4. Nc3 Nd7 5. Bc4 e6 6. Bf4 Ngf6 7. e5 dxe5 8. dxe5 Nh5 9. Bg5 f6 10. exf6 Bxf6 11. Bxf6 Qxf6 12. 0-0 0-0 13. Qd4 Nb6 14. Qxf6 Rxf6 15. Bb3 Kg7 16. Rad1 Bd7 17. Ne4 Rff8 18. Nc5 Bc8 19. Bxe6 Re8 20. Rfe1 Nf6 21. h3 Rb8 22. Bxc8 Rxe1+ 23. Rxe1 Nxc8 24. Ne6+ Kg8 25. Nxc7 Nb6 26. Re6 Nbd7 27. Ne5 Nxe5 28. Rxe5 Rc8 29. Nd5 Rxc2 30. Nxf6+ 1-0